Регионална библиотека "Любен Каравелов" - Русе

Основни насоки на ХІ конгрес на БКП за обществено-икономическото развитие на Народна република България през седмата петилетка 1976-1980 г. (Запис номер 128052)

MARC детайли
000 -Лидер
Контролно поле с фиксирана дължина 02085nam a2200409 c 4500
003 - Код на организацията, давaща контролен номер
Контролно поле BLK
005 - Дата и час на последна редакция
Контролно поле 20250127102512.0
008 - Елементи от данни с фиксирана дължина
fixed length control field 180409b bul|||||r ||||||| ||bul||
010 ## - Наследен системен номер
LC control number KNG00133771000
040 ## - Източник на каталожния запис
Идентификатор на билиотеката - собственик на записа BLK
041 ## - Код за език
Код за езика на текст/звукозапис или на отделно заглавие Български
Код за езика КДБФ Български
080 ## - УДК
Текстов определител УДК Комунистически партии. Вж и 327.323
УДК код - определител по УДК 329.15
УДК определител (497.2)БКП(063)
УДК - код + определител 329.15(497.2)БКП(063)
080 ## - УДК
Текстов определител УДК Социография. Социално положение. Условия на политическия и социалния живот. Социално и социално-икономическо положение на отделните страни, народи, раси. Социална география. (Общи въпроси)
УДК код - определител по УДК 308
УДК определител (497.2)
УДК - код + определител 308(497.2)
110 1# - Редна дума - колетивен орган
Редна дума - наименование на организация или юридическо лице БКП. Конгр., ХІ. София. 1976
9 (RLIN) 320978
139 ## - Редно поле
Редна дума БКП. Конгр., ХІ. София. 1976
Авторски знак Бит - Б 46
245 10 - Сведения за заглавието
Заглавие Основни насоки на ХІ конгрес на БКП за обществено-икономическото развитие на Народна република България през седмата петилетка 1976-1980 г.
Подзаглавни данни Проект
257 ## - Страна на издаване
Страна на създаване/издаване България
260 ## - Област на издателските данни
Място на издаване, разпространение и проч. София
Име на издателя, разпространителя и проч. БКП
Година на издаване 1976
300 ## - Физическа характеристика
Страници 62 с.
Размери/Мащаб 21 см
380 ## - Жанр
Жанр Обществени науки
500 ## - Общи забележки
Забележка 100 110 тир.
650 #4 - Допълнително описание по предмет – тема
Основно описание – тема или топоним БКП - конгреси, пленуми, конференции
9 (RLIN) 274639
650 #0 - Допълнително описание по предмет – тема
Основно описание – тема или топоним България - политика
9 (RLIN) 243743
650 #4 - Допълнително описание по предмет – тема
Основно описание – тема или топоним Социалистическо строителство - България
9 (RLIN) 273767
651 #4 - Допълнително описание по предмет - топоним
Географско понятие България
9 (RLIN) 241624
653 ## - Ключова дума – ненормативна
Ключова дума БКП
653 ## - Ключова дума – ненормативна
Ключова дума конгреси
653 ## - Ключова дума – ненормативна
Ключова дума социално-икономическо развитие
653 ## - Ключова дума – ненормативна
Ключова дума проекти
852 ## - Местоположение
Форматна сигнатура Цб 81639
856 4# - Електронен адрес и достъп
Електронен формат pdf - файл
Инструкция (цена за достъп) 0.00
Права за достъп disable
856 4# - Електронен адрес и достъп
Електронен формат pdf - файл
Инструкция (цена за достъп) 0.00
Права за достъп disable
999 ## - СИСТЕМНИ КОНТРОЛНИ НОМЕРА
Koha biblionumber 128052
Koha biblioitemnumber 128052
942 ## - АРТИКУЛИ
Вид на библиотечния материал Книги
Скрит в OPAC Не
Периодичен библиозапис Да
944 ## - СЪЗДАВАНЕ И РЕДАКЦИЯ на ЗАПИСА
Създаване/Редакция Създаване
Дата на регистрацията/редакция 18.09.2012
Статус, дата на статуса Геновева Генчева
Служител, извършил регистрацията/редакцията 30560
944 ## - СЪЗДАВАНЕ И РЕДАКЦИЯ на ЗАПИСА
Създаване/Редакция Редакция
Дата на регистрацията/редакция 18.09.2012
Статус, дата на статуса 18.09.2012 - от С1,Р / 18.09.2012
999 ## - СИСТЕМНИ КОНТРОЛНИ НОМЕРА
Koha biblioitemnumber 128052
Наличности
Код за отписване Код за изгубен артикул Източник на класификационната схема Код за повреда Коз за рестрикции Код за отдаване Артикулен № Име на библиотеката - собственик Име на библиотеката, в която се намира в момента Статус (Текущо местоположение) Дата на вписване в системата Местоположение - отдел Цена в лева Инвентарен номер Систематично азбучна сигнатура Баркод Номер на екземпляра Цена в евро Служебна бележка Служебен тип на артикула
  Не е изгубен Universal Decimal Classification Не е повреден само за читалня ползва се в читалня 208173 Регионална библиотека "Любен Каравелов" Русе Регионална библиотека "Любен Каравелов" Русе Хранилище 1976-01-01 Хранилище 0.15 202115 Цб 81639 120000202115 1 0.08 N: стар фонд Дата: 01.01.1976 Книги
Vip Innovations Ltd, Rousse, Bulgaria 2025